<?xml version="1.0" encoding="UTF-8"?>
<collection xmlns="http://www.loc.gov/MARC21/slim">
 <record>
  <leader>05874nam a22003617a 4500</leader>
  <controlfield tag="001">NCT_37996</controlfield>
  <controlfield tag="008">180601b        xxu||||| |||| 00| 0 vie d</controlfield>
  <datafield tag="999" ind1=" " ind2=" ">
   <subfield code="c">1835</subfield>
   <subfield code="d">1835</subfield>
  </datafield>
  <datafield tag="020" ind1=" " ind2=" ">
   <subfield code="a">9786048200732</subfield>
   <subfield code="c">51000</subfield>
  </datafield>
  <datafield tag="082" ind1="0" ind2="4">
   <subfield code="2">23rd ed.</subfield>
   <subfield code="a">702.075</subfield>
   <subfield code="b">M.600</subfield>
  </datafield>
  <datafield tag="100" ind1="1" ind2=" ">
   <subfield code="a">Nguyễn Thị Lan Hương</subfield>
   <subfield code="e">Chủ biên</subfield>
  </datafield>
  <datafield tag="245" ind1="1" ind2="0">
   <subfield code="a">Giáo trình cơ sở Mỹ Thuật </subfield>
   <subfield code="b">Dành cho sinh viên Kiến trúc</subfield>
   <subfield code="n"> Tập 2</subfield>
   <subfield code="c">Nguyễn Thị Lan Hương (chủ biên); Lê Đức Lai, Nguyễn Việt Khoa, ....</subfield>
  </datafield>
  <datafield tag="260" ind1=" " ind2=" ">
   <subfield code="a">H.</subfield>
   <subfield code="b">Xây dựng</subfield>
   <subfield code="c">2014</subfield>
  </datafield>
  <datafield tag="300" ind1=" " ind2=" ">
   <subfield code="a">90 tr.</subfield>
   <subfield code="b">Minh họa</subfield>
   <subfield code="c">27cm</subfield>
  </datafield>
  <datafield tag="520" ind1="3" ind2=" ">
   <subfield code="a">Phần IV. Vẽ mực nho và màu nước  A. Vẽ mực nho  I. Lý thuyết về chất liệu, kỹ thuật và lịch sử thể loại tranh mực nho         1. Định nghĩa         2. Lịch sử tranh mực nho và thuỷ mặc         3. Kỹ thuật vẽ tranh mực nho         4. Nhược điểm của vẽ mực nho  II. Bài vẽ tĩnh vật bằng mực nho         1. Hiểu biết về tranh tĩnh vật vẽ mực nho         2. Cách chọn và bày mẫu         3. Khuôn khổ bài         4. Các công đoạn  III. Bài vẽ phong cảnh thiên nhiên (cây cối) bằng mực nho         1. Hiểu biết về tranh phong cảnh thiên nhiên vẽ bằng mực nho         2. Cách chọn và cắt cảnh         3. Khuôn khổ bài         4. Các công đoạn  IV. Bài vẽ phong cảnh thành thị bằng mực nho         1. Hiểu biết về tranh phong cảnh thành thị vẽ bằng mực nho         2. Cách chọn và cắt cảnh         3. Khuôn khổ bài         4. Các công đoạn  V. Bài vẽ phong cảnh kết hợp thiên nhiên - kiến trúc bằng mực nho         1. Lưu ý:         2. Khuôn khổ bài  B - VẼ MÀU NƯỚC  I. Lý thuyết về chất liệu, lịch sử và kỹ thuật vẽ tranh màu nước         1. Định nghĩa         2. Lịch sử tranh màu nước         3. Vật liệu màu nước ở Việt Nam         4. Kỹ thuật vẽ màu nước         5. Nhược điểm của màu nước  PHẦN BÀI TẬP  I. Bài vẽ tĩnh vật bằng màu nước         1. Hiểu biết về tranh tĩnh vật vẽ bằng màu nước         2. Cách chọn và bày mẫu         3. Khuổn khổ bài         4. Các công đoạn  II. Bài vẽ phong cảnh thiên nhiên bằng màu nước         1. Hiểu biết về tranh phong cảnh thiên nhiên vẽ bằng màu nước         2. Cách chọn và cắt cảnh         3. Khuổn khổ bài         4. Các công đoạn  III. Bài vẽ phong cảnh thành thị bằng màu nước         1. Hiểu biết về đặc điểm phong cảnh thành thị         2. Cách chọn và cắt cảnh         3. Khuổn khổ bài         4. Các công đoạn  V. Bài vẽ phong cảnh kết hợp thiên nhiên - kiến trúc bằng màu nước         1. Lưu ý         2. Khuổn khổ bài  Phần V. VẼ KẾT HỢP            I. Bài vẽ kết hợp bút sắt + mực nho         1. Các cách kết hợp bút sắt với mực nho         2. Thực hành chất liệu  II. Bài vẽ bút sắt + màu nước         1. Các cách kết hợp bút sắt với màu nước         2. Thực hành chất liệu  Phần VI. VẼ BỘT MÀU         1. Lý thuyết về chất liệu, lịch sử và kỹ thuật tranh bột màu         1.1. Chất liệu         1.2. Lịch sử         1.3. Kỹ thuật vẽ tranh bột màu  2. Nhược điểm của bột màu         PHẦN BÀI TẬP          1. Bài vẽ tĩnh vật bằng bột màu         2. Bài vẽ phong cảnh bằng bột màu</subfield>
  </datafield>
  <datafield tag="653" ind1=" " ind2=" ">
   <subfield code="a">Kiến trúc</subfield>
  </datafield>
  <datafield tag="700" ind1="1" ind2=" ">
   <subfield code="a">Lê Đức Lai</subfield>
  </datafield>
  <datafield tag="700" ind1="1" ind2=" ">
   <subfield code="a">Nguyễn Việt Khoa</subfield>
  </datafield>
  <datafield tag="700" ind1="1" ind2=" ">
   <subfield code="a">Trần Quốc Chiến</subfield>
  </datafield>
  <datafield tag="700" ind1="1" ind2=" ">
   <subfield code="a"> Phạm Thị Thịnh</subfield>
  </datafield>
  <datafield tag="700" ind1="1" ind2=" ">
   <subfield code="a">Vũ Thị Hiền</subfield>
  </datafield>
  <datafield tag="700" ind1="1" ind2=" ">
   <subfield code="a">Lê Xuân Đại</subfield>
  </datafield>
  <datafield tag="942" ind1=" " ind2=" ">
   <subfield code="2">ddc</subfield>
   <subfield code="c">BK</subfield>
  </datafield>
  <datafield tag="952" ind1=" " ind2=" ">
   <subfield code="0">0</subfield>
   <subfield code="1">0</subfield>
   <subfield code="2">ddc</subfield>
   <subfield code="4">0</subfield>
   <subfield code="6">702_075000000000000_M_600</subfield>
   <subfield code="7">0</subfield>
   <subfield code="9">9200</subfield>
   <subfield code="a">000001</subfield>
   <subfield code="b">000001</subfield>
   <subfield code="d">2018-06-01</subfield>
   <subfield code="o">702.075 M.600</subfield>
   <subfield code="p">MD.08679</subfield>
   <subfield code="r">2018-06-01</subfield>
   <subfield code="v">51000.00</subfield>
   <subfield code="w">2018-06-01</subfield>
   <subfield code="y">BK</subfield>
  </datafield>
  <datafield tag="952" ind1=" " ind2=" ">
   <subfield code="0">0</subfield>
   <subfield code="1">0</subfield>
   <subfield code="2">ddc</subfield>
   <subfield code="4">0</subfield>
   <subfield code="6">702_075000000000000_M_600</subfield>
   <subfield code="7">0</subfield>
   <subfield code="9">9201</subfield>
   <subfield code="a">000001</subfield>
   <subfield code="b">000001</subfield>
   <subfield code="d">2018-06-01</subfield>
   <subfield code="o">702.075 M.600</subfield>
   <subfield code="p">MD.08680</subfield>
   <subfield code="r">2018-06-01</subfield>
   <subfield code="v">51000.00</subfield>
   <subfield code="w">2018-06-01</subfield>
   <subfield code="y">BK</subfield>
  </datafield>
  <datafield tag="952" ind1=" " ind2=" ">
   <subfield code="0">0</subfield>
   <subfield code="1">0</subfield>
   <subfield code="2">ddc</subfield>
   <subfield code="4">0</subfield>
   <subfield code="6">702_075000000000000_M_600</subfield>
   <subfield code="7">0</subfield>
   <subfield code="9">9202</subfield>
   <subfield code="a">000001</subfield>
   <subfield code="b">000001</subfield>
   <subfield code="d">2018-06-01</subfield>
   <subfield code="o">702.075 M.600</subfield>
   <subfield code="p">MD.08681</subfield>
   <subfield code="r">2018-06-01</subfield>
   <subfield code="v">51000.00</subfield>
   <subfield code="w">2018-06-01</subfield>
   <subfield code="y">BK</subfield>
  </datafield>
  <datafield tag="952" ind1=" " ind2=" ">
   <subfield code="0">0</subfield>
   <subfield code="1">0</subfield>
   <subfield code="2">ddc</subfield>
   <subfield code="4">0</subfield>
   <subfield code="6">702_075000000000000_M_600</subfield>
   <subfield code="7">0</subfield>
   <subfield code="9">9203</subfield>
   <subfield code="a">000001</subfield>
   <subfield code="b">000001</subfield>
   <subfield code="d">2018-06-01</subfield>
   <subfield code="o">702.075 M.600</subfield>
   <subfield code="p">MD.08682</subfield>
   <subfield code="r">2018-06-01</subfield>
   <subfield code="v">51000.00</subfield>
   <subfield code="w">2018-06-01</subfield>
   <subfield code="y">BK</subfield>
  </datafield>
  <datafield tag="952" ind1=" " ind2=" ">
   <subfield code="0">0</subfield>
   <subfield code="1">0</subfield>
   <subfield code="2">ddc</subfield>
   <subfield code="4">0</subfield>
   <subfield code="6">702_075000000000000_M_600</subfield>
   <subfield code="7">0</subfield>
   <subfield code="9">9204</subfield>
   <subfield code="a">000001</subfield>
   <subfield code="b">000001</subfield>
   <subfield code="d">2018-06-01</subfield>
   <subfield code="o">702.075 M.600</subfield>
   <subfield code="p">MD.08683</subfield>
   <subfield code="r">2018-06-01</subfield>
   <subfield code="v">51000.00</subfield>
   <subfield code="w">2018-06-01</subfield>
   <subfield code="y">BK</subfield>
  </datafield>
  <datafield tag="952" ind1=" " ind2=" ">
   <subfield code="0">0</subfield>
   <subfield code="1">0</subfield>
   <subfield code="2">ddc</subfield>
   <subfield code="4">0</subfield>
   <subfield code="6">702_075000000000000_M_600</subfield>
   <subfield code="7">0</subfield>
   <subfield code="9">9205</subfield>
   <subfield code="a">000001</subfield>
   <subfield code="b">000001</subfield>
   <subfield code="d">2018-06-01</subfield>
   <subfield code="o">702.075 M.600</subfield>
   <subfield code="p">MD.08684</subfield>
   <subfield code="r">2018-06-01</subfield>
   <subfield code="v">51000.00</subfield>
   <subfield code="w">2018-06-01</subfield>
   <subfield code="y">BK</subfield>
  </datafield>
  <datafield tag="952" ind1=" " ind2=" ">
   <subfield code="0">0</subfield>
   <subfield code="1">0</subfield>
   <subfield code="2">ddc</subfield>
   <subfield code="4">0</subfield>
   <subfield code="6">702_075000000000000_M_600</subfield>
   <subfield code="7">0</subfield>
   <subfield code="9">9206</subfield>
   <subfield code="a">000001</subfield>
   <subfield code="b">000001</subfield>
   <subfield code="d">2018-06-01</subfield>
   <subfield code="o">702.075 M.600</subfield>
   <subfield code="p">MD.08685</subfield>
   <subfield code="r">2018-06-01</subfield>
   <subfield code="v">51000.00</subfield>
   <subfield code="w">2018-06-01</subfield>
   <subfield code="y">BK</subfield>
  </datafield>
  <datafield tag="952" ind1=" " ind2=" ">
   <subfield code="0">0</subfield>
   <subfield code="1">0</subfield>
   <subfield code="2">ddc</subfield>
   <subfield code="4">0</subfield>
   <subfield code="6">702_075000000000000_M_600</subfield>
   <subfield code="7">0</subfield>
   <subfield code="9">9207</subfield>
   <subfield code="a">000001</subfield>
   <subfield code="b">000001</subfield>
   <subfield code="d">2018-06-01</subfield>
   <subfield code="o">702.075 M.600</subfield>
   <subfield code="p">MD.08686</subfield>
   <subfield code="r">2018-06-01</subfield>
   <subfield code="v">51000.00</subfield>
   <subfield code="w">2018-06-01</subfield>
   <subfield code="y">BK</subfield>
  </datafield>
  <datafield tag="952" ind1=" " ind2=" ">
   <subfield code="0">0</subfield>
   <subfield code="1">0</subfield>
   <subfield code="2">ddc</subfield>
   <subfield code="4">0</subfield>
   <subfield code="6">702_075000000000000_M_600</subfield>
   <subfield code="7">0</subfield>
   <subfield code="9">9208</subfield>
   <subfield code="a">000001</subfield>
   <subfield code="b">000001</subfield>
   <subfield code="d">2018-06-01</subfield>
   <subfield code="o">702.075 M.600</subfield>
   <subfield code="p">MD.08687</subfield>
   <subfield code="r">2018-06-01</subfield>
   <subfield code="v">51000.00</subfield>
   <subfield code="w">2018-06-01</subfield>
   <subfield code="y">BK</subfield>
  </datafield>
  <datafield tag="980" ind1=" " ind2=" ">
   <subfield code="a">Thư viện Trường Đại học Nam Cần Thơ</subfield>
  </datafield>
 </record>
</collection>
